000 00372 a2200157 4500
001 149661
040 _cEscola São Tomás de Aquino
100 _aCERVANTES, Miguel de
240 1 0 _aDom Quixote
_lpor
245 1 0 _aDom Quixote
300 _a71
362 0 _a2004
440 1 _aEscala Educacional
697 _aContos de Fadas e Clássicos da Literatura
942 _cBK
999 _c149661
_d149661